[Event "SWE-ch Blitz"]
[Site "Stockholm"]
[Date "2023.01.01"]
[Round "3"]
[White "Amar, Elham"]
[Black "Lissang, Christopher"]
[Result "1-0"]
[WhiteElo "2518"]
[BlackElo "2341"]
[PlyCount "53"]
[EventDate "2023.01.01"]
[EventType "swiss (blitz)"]
[EventRounds "13"]
[EventCountry "SWE"]
[SourceTitle "CBM 211 Extra"]
[Source "ChessBase"]
[SourceDate "2023.01.31"]
[SourceVersion "1"]
[SourceVersionDate "2023.01.31"]
[SourceQuality "1"]

1. e4 c5 2. Nf3 Nc6 3. b4 cxb4 4. d4 d5 5. exd5 Qxd5 6. c4 bxc3 7. Nxc3 Qa5 8. Rb1 e6 9. Bd2 Bb4 10. Rxb4 Qxb4 11. d5 exd5 12. Nxd5 Qe4+ 13. Be3 Be6 14. Nc7+ Ke7 15. Nxa8 Nf6 16. Nc7 Rd8 17. Nd2 Qb4 18. Nxe6 fxe6 19. Qb3 Qxb3 20. axb3 Nd5 21. Bc4 Ne5 22. Bxd5 exd5 23. Bxa7 Rc8 24. 0-0 Kd6 25. Bd4 Rc2 26. Bxe5+ Kxe5 27. Nf3+ 1-0

[Event "SWE-ch Blitz"]
[Site "Stockholm"]
[Date "2023.01.01"]
[Round "7"]
[White "Lissang, Christopher"]
[Black "Keinanen, Toivo"]
[Result "0-1"]
[WhiteElo "2341"]
[BlackElo "2508"]
[PlyCount "164"]
[EventDate "2023.01.01"]
[EventType "swiss (blitz)"]
[EventRounds "13"]
[EventCountry "SWE"]
[SourceTitle "CBM 211 Extra"]
[Source "ChessBase"]
[SourceDate "2023.01.31"]
[SourceVersion "1"]
[SourceVersionDate "2023.01.31"]
[SourceQuality "1"]

1. d4 e6 2. c4 b6 3. Nf3 Bb7 4. a3 g6 5. Nc3 Bg7 6. e4 Ne7 7. d5 d6 8. h4 h6 9. Be3 exd5 10. cxd5 c6 11. Bd4 0-0 12. Bxg7 Kxg7 13. Qd4+ f6 14. h5 g5 15. Be2 c5 16. Qd1 a6 17. a4 Nd7 18. Nd2 Qc7 19. Nc4 Ne5 20. Ne3 f5 21. exf5 Nxf5 22. Nxf5+ Rxf5 23. Ra3 Raf8 24. Ne4 Nd7 25. Re3 Rxd5 26. Qc1 Re5 27. Ng3 Qd8 28. 0-0 Qf6 29. Bg4 Bc6 30. b3 Kh8 31. Qd2 d5 32. Rfe1 Rxe3 33. Rxe3 Qf4 34. Bf3 d4 35. Rd3 Qxd2 36. Rxd2 Bxf3 37. gxf3 Ne5 38. Kg2 Nxf3 39. Rb2 d3 40. Ne4 Rf4 41. Nc3 Nd4 42. Rd2 Nxb3 43. Rxd3 Nd4 44. Nd5 Rg4+ 45. Kf1 b5 46. Rc3 c4 47. Nc7 bxa4 48. Rxc4 a3 49. Ra4 Rh4 50. Rxa3 Rxh5 51. Rxa6 Rh4 52. Nd5 Re4 53. Ra7 Re6 54. Rd7 Nf5 55. Kg2 h5 56. Rc7 Kg8 57. Rb7 Kf8 58. Rh7 h4 59. Rh5 Re5 60. Nf6 Kf7 61. Ng4 Ra5 62. Rh7+ Kg6 63. Rb7 Nd4 64. Rb6+ Kf5 65. Ne3+ Ke4 66. Rb8 Ne2 67. Re8+ Kd3 68. Rd8+ Kc3 69. Kf3 Nd4+ 70. Kg4 Nb3 71. Rf8 Nd2 72. Nf5 Ne4 73. f3 Nf2+ 74. Kxg5 h3 75. Rh8 Kd3 76. Kf4 Ke2 77. Kg3 Rxf5 78. Re8+ Kf1 79. Ra8 Rg5+ 80. Kf4 Rg7 81. Ra1+ Kg2 82. Ra5 h2 0-1

[Event "SWE-chT 1718 Elite"]
[Site "Sweden"]
[Date "2017.10.20"]
[Round "1"]
[White "Lissang, Christopher"]
[Black "Lindgren, Philip"]
[Result "0-1"]
[WhiteElo "2344"]
[BlackElo "2380"]
[PlyCount "52"]
[EventDate "2017.10.20"]
[EventType "team-tourn"]
[EventRounds "9"]
[EventCountry "SWE"]
[SourceTitle "EXT 2019"]
[Source "ChessBase"]
[SourceDate "2018.10.10"]
[SourceVersion "1"]
[SourceVersionDate "2018.10.10"]
[SourceQuality "1"]
[WhiteTeam "Stockholm SS"]
[BlackTeam "Limhamn"]
[WhiteTeamCountry "SWE"]
[BlackTeamCountry "SWE"]

1. Nf3 Nf6 2. g3 d5 3. Bg2 c6 4. 0-0 Bg4 5. d3 Nbd7 6. Qe1 e5 7. e4 dxe4 8. dxe4 Qc7 9. Nbd2 h6 10. h3 Be6 11. Qe2 Be7 12. b3 Nh7 13. Kh2 g5 14. Nc4 g4 15. Nh4 gxh3 16. Bxh3 Bxh3 17. Kxh3 Bxh4 18. Kxh4 Ng5 19. Ba3 c5 20. Rad1 0-0-0 21. Rd5 Qc6 22. Nd6+ Kb8 23. Rfd1 Nf8 24. Rxc5 Ng6+ 25. Kh5 Qd7 26. Rh1 Ne6 0-1

[Event "Stockholm Scandic Ariadne"]
[Site "Stockholm"]
[Date "2016.11.06"]
[Round "7"]
[White "Lissang, Christopher"]
[Black "Tuomainen, Felix"]
[Result "1/2-1/2"]
[WhiteElo "2344"]
[BlackElo "2172"]
[PlyCount "58"]
[EventDate "2016.11.04"]
[EventType "swiss"]
[EventRounds "8"]
[EventCountry "SWE"]
[SourceTitle "CBM 175 Extra"]
[Source "ChessBase"]
[SourceDate "2016.12.12"]
[SourceVersion "1"]
[SourceVersionDate "2016.12.12"]
[SourceQuality "1"]

1. d4 d5 2. c4 c6 3. Nf3 Nf6 4. Qc2 g6 5. Bf4 dxc4 6. Qxc4 Bg7 7. Nc3 0-0 8. e3 Qb6 9. Qb3 Be6 10. Qxb6 axb6 11. a3 Nbd7 12. Be2 b5 13. 0-0 Nd5 14. Nxd5 Bxd5 15. Rac1 Bxf3 16. Bxf3 e5 17. dxe5 Nxe5 18. Be2 Rfd8 19. Rc2 Rd7 20. e4 Rad8 21. Bg5 Re8 22. Be3 Nc4 23. Bxc4 bxc4 24. Rxc4 Bxb2 25. a4 b5 26. axb5 cxb5 27. Rb4 Bc3 28. Rxb5 Rxe4 29. Bh6 Re8 1/2-1/2

[Event "Vasteras op"]
[Site "Vasteras"]
[Date "2016.09.25"]
[Round "7"]
[White "Berg, Emanuel"]
[Black "Lissang, Christopher"]
[Result "1/2-1/2"]
[WhiteElo "2579"]
[BlackElo "2313"]
[PlyCount "153"]
[EventDate "2016.09.23"]
[EventType "swiss"]
[EventRounds "8"]
[EventCountry "SWE"]
[SourceTitle "CBM 174 Extra"]
[Source "ChessBase"]
[SourceDate "2016.10.10"]
[SourceVersion "1"]
[SourceVersionDate "2016.10.10"]
[SourceQuality "1"]

1. e4 c5 2. Nf3 d6 3. d4 cxd4 4. Nxd4 Nf6 5. Nc3 Nc6 6. Bg5 Bd7 7. Qd2 Rc8 8. f3 Nxd4 9. Qxd4 Qa5 10. h4 a6 11. Bc4 Qc5 12. Qxc5 Rxc5 13. Bb3 h6 14. Be3 Rc8 15. 0-0-0 e6 16. Rd2 Bc6 17. Bf4 e5 18. Be3 Be7 19. g4 Nd7 20. Nd5 Bd8 21. c3 a5 22. Kb1 b5 23. Bf2 Nc5 24. Bc2 Nb7 25. Rhd1 h5 26. g5 0-0 27. Bb3 Kh7 28. Nb6 Bxb6 29. Bxb6 a4 30. Bd5 a3 31. Bb3 Bd7 32. Bd5 Bc6 33. Rf1 axb2 34. Kxb2 Kg6 35. f4 exf4 36. Rxf4 Bxd5 37. Rxd5 Rfe8 38. Bd4 Rc6 39. Rdf5 Nd8 40. Rf6+ gxf6 41. Rxf6+ Kg7 42. Rh6+ f6 43. Rxf6 Kg8 44. Rh6 Kf7 45. g6+ Ke6 46. Rxh5 b4 47. cxb4 Rc4 48. Bc3 Rxe4 49. Rh7 d5 50. h5 d4 51. Bd2 Rg4 52. b5 Kd5 53. Kb3 Ne6 54. Rd7+ Ke5 55. Bb4 Rg3+ 56. Kb2 Rg2+ 57. Kb3 Rg3+ 58. Kb2 Ke4 59. b6 Nf4 60. Re7+ Rxe7 61. Bxe7 Nd3+ 62. Kc2 Ne5 63. b7 d3+ 64. Kc3 Nc6 65. Bf6 Kf5 66. Bh4 Rg4 67. a4 d2 68. Kxd2 Ke6 69. Bf2 Rxa4 70. h6 Kf6 71. h7 Kg7 72. Bg3 Rd4+ 73. Kc3 Rd8 74. b8Q Nxb8 75. Be5+ Kxg6 76. h8Q Rxh8 77. Bxh8 1/2-1/2

[Event "SWE-chT 1516"]
[Site "Sweden"]
[Date "2016.03.18"]
[Round "7.4"]
[White "Schneider, Stefan"]
[Black "Lissang, Christopher"]
[Result "0-1"]
[WhiteElo "2368"]
[BlackElo "2295"]
[PlyCount "78"]
[EventDate "2015.11.06"]
[EventType "team-tourn"]
[EventRounds "9"]
[EventCountry "SWE"]
[SourceTitle "EXT 2017"]
[Source "ChessBase"]
[SourceDate "2016.10.25"]
[SourceVersion "1"]
[SourceVersionDate "2016.10.25"]
[SourceQuality "1"]
[WhiteTeam "Limhamn"]
[BlackTeam "Farsta"]
[WhiteTeamCountry "SWE"]
[BlackTeamCountry "SWE"]

1. d4 Nf6 2. c4 e6 3. Nf3 c5 4. d5 d6 5. Nc3 exd5 6. cxd5 g6 7. Bf4 Bg7 8. Qa4+ Bd7 9. Qb3 Qc7 10. e4 0-0 11. Be2 Nh5 12. Be3 a5 13. a4 Na6 14. h3 Nb4 15. 0-0 Rae8 16. Rae1 h6 17. Nd2 f5 18. Bxh5 gxh5 19. e5 f4 20. e6 fxe3 21. Rxe3 Bc8 22. Nb5 Qe7 23. Ne4 Be5 24. Rd1 h4 25. Nxc5 Bf4 26. Re4 dxc5 27. d6 Bxe6 28. dxe7 Bxb3 29. exf8Q+ Rxf8 30. Rd7 Bg5 31. Nc3 Rf7 32. Rd6 c4 33. Rg4 Kf8 34. Ne2 Nd3 35. f4 Nxf4 36. Nd4 Bxa4 37. g3 hxg3 38. Rxg3 Bf6 39. Nf5 Ne2+ 0-1

[Event "Vaxjo op"]
[Site "Vaxjo"]
[Date "2015.02.14"]
[Round "5"]
[White "Johansson, Linus"]
[Black "Lissang, Christopher"]
[Result "1-0"]
[WhiteElo "2394"]
[BlackElo "2280"]
[PlyCount "67"]
[EventDate "2015.02.13"]
[EventType "swiss"]
[EventRounds "8"]
[EventCountry "SWE"]
[SourceTitle "CBM 164 Extra"]
[Source "ChessBase"]
[SourceDate "2015.03.02"]
[SourceVersion "1"]
[SourceVersionDate "2015.03.02"]
[SourceQuality "1"]

1. d4 Nf6 2. c4 e6 3. Nc3 Bb4 4. e3 0-0 5. Bd3 d5 6. Nf3 b6 7. 0-0 Bb7 8. cxd5 exd5 9. a3 Bd6 10. b4 a6 11. Qb3 Qe7 12. Rb1 Nbd7 13. a4 c6 14. a5 b5 15. Nd2 Nh5 16. e4 Nf4 17. Bc2 Nxg2 18. Kxg2 Qg5+ 19. Kh1 Qf4 20. e5 Nxe5 21. Ne2 Qf6 22. dxe5 Qxe5 23. Ng3 c5 24. bxc5 Bxc5 25. Qd3 f5 26. Bb2 d4+ 27. f3 Rad8 28. Rbe1 Qf4 29. Nxf5 g6 30. Ne7+ Kh8 31. Nxg6+ hxg6 32. Qxg6 Qh4 33. Re5 Rd5 34. Rg1 1-0

[Event "Rilton Cup 44th"]
[Site "Stockholm"]
[Date "2015.01.03"]
[Round "7"]
[White "Vandenbussche, Thibaut"]
[Black "Lissang, Christopher"]
[Result "1/2-1/2"]
[WhiteElo "2418"]
[BlackElo "2273"]
[PlyCount "148"]
[EventDate "2014.12.27"]
[EventType "swiss"]
[EventRounds "9"]
[EventCountry "SWE"]
[SourceTitle "CBM 164 Extra"]
[Source "ChessBase"]
[SourceDate "2015.03.02"]
[SourceVersion "1"]
[SourceVersionDate "2015.03.02"]
[SourceQuality "1"]

1. e4 c5 2. Nf3 e6 3. d4 cxd4 4. Nxd4 Nf6 5. Nc3 Nc6 6. Nxc6 bxc6 7. e5 Nd5 8. Ne4 f5 9. exf6 Nxf6 10. Nd6+ Bxd6 11. Qxd6 Ba6 12. c4 Qb6 13. Qa3 c5 14. Be3 Rc8 15. Be2 0-0 16. Qb3 d5 17. Qxb6 axb6 18. b3 d4 19. Bg5 Ne4 20. Bh4 Nc3 21. Bg4 Rce8 22. 0-0 b5 23. Rfe1 e5 24. cxb5 Bxb5 25. Bg5 e4 26. a4 Ba6 27. Bd2 Nd5 28. Bd7 e3 29. fxe3 dxe3 30. Ba5 Re5 31. Bb5 Bxb5 32. axb5 Rb8 33. b6 Nxb6 34. Bc3 Re7 35. Rad1 c4 36. bxc4 Nxc4 37. Rd4 Na3 38. Bb4 Nc2 39. Bxe7 Nxe1 40. Rd8+ Rxd8 41. Bxd8 e2 42. Kf2 Nxg2 43. Kxe2 Nf4+ 44. Kf3 Ne6 45. Bb6 Kf7 46. Ke4 Kf6 47. Be3 g5 48. Kf3 Kf5 49. Ba7 h5 50. Bb8 Nc5 51. Bc7 Ne4 52. Kg2 Kg4 53. Bb8 Nc3 54. Be5 Nd5 55. Bd6 Nf4+ 56. Kf2 Nd5 57. Kg2 Nf6 58. Bc7 Ne4 59. Bd8 h4 60. h3+ Kf4 61. Bc7+ Kf5 62. Kh2 Nc5 63. Bd8 Ne6 64. Be7 Kf4 65. Kg2 Ke4 66. Bf6 Kf4 67. Be7 Nd4 68. Bd6+ Kf5 69. Kf2 g4 70. hxg4+ Kxg4 71. Kg2 h3+ 72. Kg1 Nf3+ 73. Kh1 h2 74. Bxh2 Nxh2 1/2-1/2

[Event "SWE-chT 1314"]
[Site "Sweden"]
[Date "2014.03.09"]
[Round "9.3"]
[White "Lissang, Christopher"]
[Black "Vernersson, Per"]
[Result "1-0"]
[WhiteElo "2266"]
[BlackElo "2329"]
[PlyCount "83"]
[EventDate "2013.11.22"]
[EventType "team-tourn"]
[EventRounds "9"]
[EventCountry "SWE"]
[SourceTitle "EXT 2015"]
[Source "ChessBase"]
[SourceDate "2014.11.20"]
[SourceVersion "1"]
[SourceVersionDate "2014.11.20"]
[SourceQuality "1"]
[WhiteTeam "Farsta"]
[BlackTeam "Eksjo"]
[WhiteTeamCountry "SWE"]
[BlackTeamCountry "SWE"]

1. d4 d5 2. Nf3 Nf6 3. c4 dxc4 4. Qa4+ c6 5. Qxc4 Bf5 6. Nc3 h6 7. g3 e6 8. Bg2 Qa5 9. 0-0 Qb4 10. Nd2 Nbd7 11. a3 Qxc4 12. Nxc4 Nb6 13. Nxb6 axb6 14. e4 Bh7 15. d5 e5 16. Be3 Bc5 17. Bxc5 bxc5 18. Rac1 0-0 19. dxc6 bxc6 20. Rfd1 Rfc8 21. f3 Kf8 22. Rd2 Ke7 23. Nd1 Ra5 24. Ne3 Nd7 25. Bh3 Ra7 26. Nc4 Re8 27. Rcd1 Nb8 28. Nd6 Rd8 29. Nc8+ Rxc8 30. Bxc8 f6 31. Rd8 Bg6 32. Bf5 Bxf5 33. Rxb8 Be6 34. Rb6 Bd7 35. Rb3 Be6 36. Rb6 Bd7 37. Rd3 Rc7 38. b3 Be6 39. a4 c4 40. bxc4 c5 41. a5 Ra7 42. a6 1-0

[Event "Rilton Cup 43rd"]
[Site "Stockholm"]
[Date "2014.01.04"]
[Round "8"]
[White "Ornstein, Axel"]
[Black "Lissang, Christopher"]
[Result "1/2-1/2"]
[WhiteElo "2334"]
[BlackElo "2240"]
[PlyCount "92"]
[EventDate "2013.12.27"]
[EventType "swiss"]
[EventRounds "9"]
[EventCountry "SWE"]
[SourceTitle "CBM 158 Extra"]
[Source "ChessBase"]
[SourceDate "2014.02.28"]
[SourceVersion "1"]
[SourceVersionDate "2014.02.28"]
[SourceQuality "1"]

1. d4 Nf6 2. c4 e6 3. Nc3 Bb4 4. e3 Nc6 5. Bd3 e5 6. Nge2 exd4 7. exd4 d5 8. 0-0 dxc4 9. Bxc4 0-0 10. a3 Be7 11. Bf4 Bd6 12. Qd2 h6 13. Rad1 Bf5 14. Ng3 Bh7 15. Rfe1 Bxf4 16. Qxf4 Qd6 17. Qxd6 cxd6 18. f3 Rfe8 19. Rxe8+ Rxe8 20. Kf2 Rc8 21. Rd2 Na5 22. Ba2 a6 23. Nf1 Nc4 24. Bxc4 Rxc4 25. Ne3 Rc8 26. g4 Kf8 27. d5 Nd7 28. Rd4 Ne5 29. Ke2 g5 30. Ne4 Ke7 31. Ng3 Kd7 32. f4 gxf4 33. Rxf4 Bd3+ 34. Kd2 Bg6 35. Ngf5 h5 36. gxh5 Bxh5 37. Nh4 Rg8 38. Rf6 Ke7 39. Rh6 Bg6 40. Nhf5+ Kd7 41. Nh4 Kc7 42. Kc3 Re8 43. Nxg6 fxg6 44. Nc4 Nxc4 45. Kxc4 Re2 46. Rxg6 Rxh2 1/2-1/2

[Event "Rilton Cup 43rd"]
[Site "Stockholm"]
[Date "2013.12.27"]
[Round "1"]
[White "Tikkanen, Hans"]
[Black "Lissang, Christopher"]
[Result "1/2-1/2"]
[WhiteElo "2548"]
[BlackElo "2240"]
[PlyCount "120"]
[EventDate "2013.12.27"]
[EventType "swiss"]
[EventRounds "9"]
[EventCountry "SWE"]
[SourceTitle "CBM 158 Extra"]
[Source "ChessBase"]
[SourceDate "2014.02.28"]
[SourceVersion "1"]
[SourceVersionDate "2014.02.28"]
[SourceQuality "1"]

1. c4 e6 2. g3 d5 3. Bg2 Nf6 4. Nf3 Be7 5. 0-0 0-0 6. b3 c5 7. Bb2 d4 8. e3 Nc6 9. exd4 cxd4 10. Re1 Ne8 11. Ne5 Nxe5 12. Rxe5 f6 13. Re1 e5 14. Na3 Nc7 15. Nc2 a5 16. d3 Kh8 17. f4 exf4 18. Bxd4 Ne6 19. Bf2 fxg3 20. hxg3 Ng5 21. d4 Bh3 22. Bxb7 Rb8 23. Bg2 Qd7 24. Bh1 Bg4 25. Rxe7 Qf5 26. Qd2 Bf3 27. Re3 Nh3+ 28. Kh2 Bxh1 29. Kxh1 Nxf2+ 30. Kg2 Ng4 31. Rf3 Qg6 32. Ne3 f5 33. Nd5 Rbe8 34. Nf4 Qf6 35. Raf1 Re4 36. d5 Qe5 37. Rh1 Kg8 38. d6 Rd4 39. Rd3 Qe4+ 40. Kg1 Rxd3 41. Qxd3 Qe1+ 42. Kg2 Qxh1+ 43. Kxh1 Nf2+ 44. Kg2 Nxd3 45. Nxd3 Kf7 46. a3 Ke6 47. c5 g5 48. b4 axb4 49. axb4 Rb8 50. Kf3 Kd5 51. b5 Rxb5 52. d7 Rb8 53. Nb4+ Ke6 54. c6 Rd8 55. c7 Kxd7 56. cxd8Q+ Kxd8 57. Nc6+ Kd7 58. Nd4 f4 59. g4 Ke7 60. Ke4 Kf6 1/2-1/2

[Event "SWE-chT 1314"]
[Site "Sweden"]
[Date "2013.11.22"]
[Round "1.4"]
[White "Kenneskog, Theodor"]
[Black "Lissang, Christopher"]
[Result "1/2-1/2"]
[WhiteElo "2264"]
[BlackElo "2238"]
[PlyCount "68"]
[EventDate "2013.11.22"]
[EventType "team-tourn"]
[EventRounds "9"]
[EventCountry "SWE"]
[SourceTitle "CBM 157 Extra"]
[Source "ChessBase"]
[SourceDate "2013.12.19"]
[SourceVersion "1"]
[SourceVersionDate "2013.12.19"]
[SourceQuality "1"]
[WhiteTeam "Stockholm Rockaden"]
[BlackTeam "Farsta"]
[WhiteTeamCountry "SWE"]
[BlackTeamCountry "SWE"]

1. d4 Nf6 2. c4 e6 3. Nc3 Bb4 4. e3 c5 5. Nge2 d5 6. a3 Bxc3+ 7. Nxc3 cxd4 8. exd4 dxc4 9. Bxc4 Nc6 10. Be3 0-0 11. 0-0 b6 12. Rc1 Bb7 13. Ba2 h6 14. Qf3 Qd7 15. d5 Nxd5 16. Nxd5 exd5 17. Qxd5 Rad8 18. Qh5 Qd6 19. Rfd1 Qf6 20. Bd5 Rd7 21. Be4 Rfd8 22. Rxd7 Rxd7 23. Qf5 Qxf5 24. Bxf5 Rd8 25. Bg4 Ne5 26. Be2 Rd7 27. b4 Nd3 28. Rc3 Be4 29. f3 Bg6 30. Bxd3 Rxd3 31. Rxd3 Bxd3 32. a4 Bc2 33. a5 bxa5 34. bxa5 a6 1/2-1/2

[Event "SWE-chT2 1213"]
[Site "Sweden"]
[Date "2013.01.13"]
[Round "5"]
[White "Lissang, Christopher"]
[Black "Braathen, Tom"]
[Result "1-0"]
[WhiteElo "2261"]
[BlackElo "2100"]
[PlyCount "59"]
[EventDate "2012.10.20"]
[EventType "team-tourn"]
[EventRounds "9"]
[EventCountry "SWE"]
[SourceTitle "EXT 2015"]
[Source "ChessBase"]
[SourceDate "2014.11.20"]
[SourceVersion "1"]
[SourceVersionDate "2014.11.20"]
[SourceQuality "1"]
[WhiteTeam "Farsta"]
[BlackTeam "Stockholm SS"]
[WhiteTeamCountry "SWE"]
[BlackTeamCountry "SWE"]

1. d4 Nf6 2. c4 c5 3. d5 b5 4. cxb5 a6 5. bxa6 g6 6. Nc3 Bxa6 7. e4 Bxf1 8. Kxf1 d6 9. Nf3 Bg7 10. g3 0-0 11. Kg2 Nbd7 12. Qe2 Qa5 13. a4 Qa6 14. Nb5 Ne8 15. Re1 Qb7 16. Bg5 Ndf6 17. Bd2 Nc7 18. Nxc7 Qxc7 19. Bc3 Nd7 20. Bxg7 Kxg7 21. Nd2 Rfb8 22. b3 Rb4 23. Rac1 Qb7 24. Rc3 Nb6 25. g4 c4 26. bxc4 Nxa4 27. Rh3 Qd7 28. e5 Nc5 29. e6 fxe6 30. Qe3 1-0